000 00355nam a2200145Ia 4500
008 191201s2005 xx 000 0 und d
082 _a621.381
_bSII
100 _aSINGH, S K
245 0 _aIndustrial Instrumentation and Control
250 _a2nd
260 _aN.Delhi
_bTata Mc Graw Hill
_c2005
300 _a697
650 _aB.Tech(ME)
942 _2ddc
_cBK
999 _c839
_d839